[Event "Tabor op"]
[Site "Tabor"]
[Date "2010.08.07"]
[Round "8"]
[White "Sach, Tomas"]
[Black "Pytlik, Ladislav"]
[Result "0-1"]
[WhiteElo "1893"]
[BlackElo "1594"]
[PlyCount "62"]
[EventDate "2010.08.01"]
[EventType "swiss"]
[EventRounds "9"]
[EventCountry "CZE"]
[SourceTitle "EXT 2012"]
[Source "ChessBase"]
[SourceDate "2011.11.24"]
[SourceVersion "1"]
[SourceVersionDate "2011.11.24"]
[SourceQuality "1"]

1. c4 c5 2. Nc3 e5 3. g3 Nc6 4. Bg2 Nf6 5. d3 Be7 6. e3 d6 7. Nd5 Nxd5 8. cxd5 Nb8 9. e4 Bd7 10. Bd2 a5 11. Ne2 b5 12. b3 b4 13. 0-0 a4 14. f4 Bb5 15. Be3 Nd7 16. Qd2 Bf6 17. f5 h6 18. g4 Bg5 19. Rfd1 Bxe3+ 20. Qxe3 f6 21. Ng3 Kf7 22. Nf1 Ra6 23. Qc1 Qb6 24. Kh1 Rha8 25. bxa4 Rxa4 26. Qb1 Ra3 27. Ne3 b3 28. Nc4 Bxc4 29. dxc4 b2 30. Qc2 bxa1Q 31. Rxa1 Rb8 0-1